00532nam a2200169Ia 45000010006000000050017000060080041000230200015000640400013000790820022000921000044001142450116001582600057002743000011003315460007003426500013003494216120220823094806.0140425s9999 xx 000 0 und d a969408069x cPK-LaUMT aAPC 297.4bABU-K aAbu Nasr Saraj = ابو نصر سراج aKitab ul lama fittusawwaf = کتاب اللمع فی التصوف /cby Abu Nasr Saraj = ابو نصر سراج aIslamabad,Pakistan :bIslamic Book Foundation,c1984 a720 p. aAR aTasawwaf